00920cam a2200241 a 450000100100000000500170001000800410002704000250006804100380009308200140013110000290014524000320017424500990020626000410030530000280034649000410037453400420041570000330045783000500049004900090054095201120054999900170066100002612120200930024323.0810327s1984 ag 000 j spa d aDO-SdBNPbspacBNPHU aspaheng2Código de idioma MARC axxxbJ66c aJohnson, Eric W. ,99318 0aTeaching school.lEspañol10aConsejos prácticos para maestros de escuela /cEric W. Johnson ; traducción Lidia Spinosa. aBuenos Aires :bTres Tiempos,c1984. a255 p. :bil. ;c20 cm.1 aLibros del Hoy Candente. Ensayosv27 aTítulo original :tTeaching school.1 aSpinosa, Lidia ,etr.953079 0aLibros del Hoy Candente.pEnsayos,v27952210 aBNGR 001050718MOaGRbGRcCTd2011-03-01iLF1l0oxxx J66cp26121-10r2020-06-25w2020-06-25y1ZNo se presta c25613d25613